| 000 | 00863nam a2200265Ia 4500 | ||
|---|---|---|---|
| 008 | 180523s9999 xx 000 0 und d | ||
| 020 | _a0-07-352720-3 | ||
| 050 | _aMAIN HF 5387 | ||
| 050 | _b.T35 2006 | ||
| 245 | 0 | _aTaking sides : | |
| 245 | 0 | _bclashing views in business ethics and society / | |
| 245 | 0 | _cselected, edited and with introductions by Lisa H. Newton and Maureen M. Ford. | |
| 250 | _a9th Edition | ||
| 260 | _aNew York : | ||
| 260 | _bMcGraw-Hill, | ||
| 260 | _c2006 | ||
| 300 | _a436 pages : | ||
| 300 | _c24 cm. | ||
| 440 | _aTaking sides. | ||
| 500 | _aIncludes index. | ||
| 650 | _aBusiness ethics -- United States -- Periodicals. | ||
| 650 | _aSocial responsibility of business -- United States -- Periodicals. | ||
| 650 | _xBusiness ethics. | ||
| 650 | _xIndustries -- Social aspects -- United States -- Periodicals. | ||
| 999 |
_c357028 _d357028 |
||